LEADER 01528nam a2200289 i 4500 001 000000228623 003 CaOOAMICUS 005 20220520110227.0 008 140407s1785 it u000 u ita u 013 $a207525 026 $atoo- sia- o,e. Nota (7) 1785 (R) 040 $aSeMil$bita 100 1 $aCesarotti, Melchiorre,$d<1730-1808>.$0(OLS)http://semarc/name/1210 245 10$aFesta pastorale celebrata dagli Arcadi nel fausto giorno in cui nella Sala del Serbatojo di Roma fu collocata la dipinta Effigie dell'Inclito Moronte Abate Melchior Cesarotti. 260 $aIn Roma :$bPer Luigi Vescovi, e Filippo Neri,$c1785. 300 $a70, [2] p. ;$c8°. 500 $aRaccolta di sonetti di vari A. - A c. A5v dedica sottoscritta da Crisalmo Eleo. - Fregio xilogr. sul front. - Fondo Card. C.M. Martini. 500 $aSegn.: A-C8 D12 700 1 $aVescovi, Luigi,$c.$0(OLS)http://semarc/name/13575 710 0 $aNeri, Filippo .$0(OLS)http://semarc/name/13574 850 $aSeMil 852 $aSeMil$W1$xVenegono$y1$m1R V 1 FA$j178969$B178969$CSeMilBibl$Z2$F190026 $8I 941 1 $a4 961 $aOmaggio: Martini Card. Carlo Maria 996 $6245$aFesta pastorale celebrata dagli Arcadi nel fausto giorno in cui nella Sala del Serbatojo di Roma fu collocata la dipinta Effigie dell'Inclito Moronte Abate Melchior Cesarotti$9(OLS)http://semarc/title/327207 996 $6260$aIn Roma :$bPer Luigi Vescovi, e Filippo Neri$9(OLS)http://semarc/publisher/53668 LEADER 01421nam a2200301 i 4500 001 000000069478 003 CaOOAMICUS 005 20150925000000.0 008 150925s2000 be u000 u mul u 013 $a40650 020 $a2-503-04751-3 040 $aSeMil$bita 245 10$aMonumenta Arroasiensia /$cedidit Benoît-Michel Tock ; iuvamen praestante Ludovicus Milis. 260 $aTurnhout :$bBrepols,$c2000. 300 $aLXV, 811 p. ;$c26 cm. 490 0 $aCorpus Christianorum. Continuatio Mediaevalis ;$v175. 650 4$aFrancia - Abbazia di Arrouaise - Documenti.$0(OLS)http://semarc/subject/13767 650 4$aCanonici regolari di Sant' Agostino - Storia - Fonti.$0(OLS)http://semarc/subject/13768 700 1 $aMilis, Ludo,$d<1940- >.$0(OLS)http://semarc/name/34650 700 1 $aTock, Benoît-Michel.$0(OLS)http://semarc/name/19959 710 2 $aCanonici regolari di Sant'Agostino$c.$0(OLS)http://semarc/name/34649 830 0$aCorpus Christianorum. Continuatio Mediaevalis ;$v175.$0(OLS)http://semarc/title/35 850 $aSeMil 852 $aSeMil$W1$xVenegono$y1$mSL2.G I 175$j35631$B35631$CSeMilBibl$Z2$F35634 $8I 961 $aSottoscrizione: Brepols 996 $6020$a2-503-04751-3$9(OLS)http://semarc/number/48004 996 $6245$aMonumenta Arroasiensia$9(OLS)http://semarc/title/111241 996 $6260$aTurnhout :$bBrepols$9(OLS)http://semarc/publisher/29626